| 000 -LEADER |
| fixed length control field |
00620nam a22001337a 4500 |
| 040 ## - CATALOGING SOURCE |
| Transcribing agency |
RUA |
| 082 ## - DEWEY DECIMAL CLASSIFICATION NUMBER |
| Classification number |
AGR SON 2019 B1-598 Or. |
| 100 ## - MAIN ENTRY--AUTHOR NAME |
| Personal name |
SONG SOPHEAK,សុង សុភ័ក |
| 245 ## - TITLE STATEMENT |
| Title |
EFFECT OF WATER HYACINTH RATES IN STRAW ON GROWTH OF STRAW MUSHROOM,ឥទ្ធិពលនៃអត្រាកំប្លោកក្នុងចំប៉ើងទៅលើការលូតលាស់ផ្សិតចំប៉ើង |
| 260 ## - PUBLICATION, DISTRIBUTION, ETC. (IMPRINT) |
| Place of publication |
phnom penh |
| Name of publisher |
rua |
| Year of publication |
2019 |
| 300 ## - PHYSICAL DESCRIPTION |
| Number of Pages |
ix.42p. |
| Other physical details |
ill. |
| Dimensions |
29cm. |
| 856 ## - ELECTRONIC LOCATION AND ACCESS |
| Uniform Resource Identifier |
https://drive.google.com/file/d/1b-xpAcreNv6Cw3MiwEhNlZe6ZFRDwGGA/view?usp=sharing |
| 942 ## - ADDED ENTRY ELEMENTS (KOHA) |
| Koha item type |
AGR |
| 952 ## - LOCATION AND ITEM INFORMATION (KOHA) |
| Withdrawn status [LOCAL, KOHA] |
0 |
| 952 ## - LOCATION AND ITEM INFORMATION (KOHA) |
| Withdrawn status [LOCAL, KOHA] |
0 |
| 952 ## - LOCATION AND ITEM INFORMATION (KOHA) |
| Withdrawn status [LOCAL, KOHA] |
0 |
| 952 ## - LOCATION AND ITEM INFORMATION (KOHA) |
| Withdrawn status [LOCAL, KOHA] |
0 |
| 952 ## - LOCATION AND ITEM INFORMATION (KOHA) |
| Withdrawn status [LOCAL, KOHA] |
0 |
| 952 ## - LOCATION AND ITEM INFORMATION (KOHA) |
| Withdrawn status [LOCAL, KOHA] |
0 |